Top 10 des séries Netflix les plus regardées en Belgique - Statistiques

Statistiques générales
  • Ce quiz a été pris 279 fois
  • Le résultat moyen est 3 sur 10
Statistiques - réponses
Hint Réponse % Correct
5 La Casa de Papel
64%
2 Stranger Things
61%
1 Squid Game
53%
3 Mercredi
31%
9 Riverdale
25%
7 Lucifer
17%
8 13 Reasons Why
14%
6 La Chronique de Bridgerton
12%
4 Dahmer
10%
10 Emily in Paris
10%
Aucun quiz correspondant
Distribution des résultats
% des personnes avec chaque résultat
Percentile par nombre de réponses
Votre historique - résultats
Vous n’avez pas pris ce quiz